000 00903nam a22002297a 4500
003 URS
005 20220606100303.0
008 220606b ||||| |||| 00| 0 eng d
100 _91574
_aGanalon, Jayrine R.
_eauthor
245 _aMillenials' buying preferences on smartphones in Binangonan, Rizal
_cJayrine R. Ganalon, Erwin John F. Empleo, Tracy B. Elizalde
260 _c2018
300 _axiii, 79 leaves
_c28 cm.
336 _2rdacontent
_atext
337 _2rdamedia
_aunmediated
338 _2rdacarrier
_avolume
502 _aThesis
_bBachelor of Science in Business Administration Major in Marketing Management
_cUniversity of Rizal System, Binangonan
_d2018
504 _aIncludes bibliographical references.
700 _91575
_aEmpleo, Erwin John F.
_eauthor
700 _91576
_aElizalde, Tracy B.
_eauthor
700 _91532
_aCarmina G. Taule, RGc., RPm., LPT
_eAdviser
942 _2lcc
_cT
999 _c58182
_d58182